Prakrit sahitya (Record no. 8083)

MARC details
000 -LEADER
fixed length control field 00492cam a2200205ua 4500
001 - CONTROL NUMBER
control field 8999
005 - DATE AND TIME OF LATEST TRANSACTION
control field 20260515114419.0
008 - FIXED-LENGTH DATA ELEMENTS--GENERAL INFORMATION
fixed length control field 150219n ii |||gr||||Z||||||asm
040 ## - CATALOGING SOURCE
Transcribing agency MAIN
041 ## - LANGUAGE CODE
Language code of text/sound track or separate title asm
082 ## - DEWEY DECIMAL CLASSIFICATION NUMBER
Classification number 891.3
100 ## - MAIN ENTRY--PERSONAL NAME
Personal name Saikia, N.,
Relator term Author.
245 ## - TITLE STATEMENT
Title Prakrit sahitya
Statement of responsibility, etc. By Nogen Saikia
250 ## - EDITION STATEMENT
Edition statement 1st.
260 ## - PUBLICATION, DISTRIBUTION, ETC.
Place of publication, distribution, etc. Guwahati:
Name of publisher, distributor, etc. Bani,
Date of publication, distribution, etc. 2013.
300 ## - PHYSICAL DESCRIPTION
Extent 198p.
653 ## - INDEX TERM--UNCONTROLLED
Uncontrolled term East Indo-European & Celtic literatures
653 ## - INDEX TERM--UNCONTROLLED
Uncontrolled term Prakrit literature
942 ## - ADDED ENTRY ELEMENTS (KOHA)
Koha item type Books
Holdings
Withdrawn status Lost status Damaged status Not for loan Home library Current library Shelving location Date acquired Total checkouts Full call number Barcode Date last seen Date last checked out Copy number Price effective from Koha item type
        Naharkatiya College Library Naharkatiya College Library General stacks 09/19/2020 1 891.3 | SAI 22463 02/10/2026 02/10/2026 1 09/19/2020 Books
        Naharkatiya College Library Naharkatiya College Library General stacks 09/19/2020 1 891.3 | SAI 22464 04/01/2023 03/17/2023 3 09/19/2020 Books
        Naharkatiya College Library Naharkatiya College Library General stacks 09/19/2020 2 891.3 | SAI 22465 05/06/2022 04/19/2022 2 09/19/2020 Books